00298nam a2200109Ia 4500008004100000041001200041100001700053245006300070260003300133300000700166650001500173221220s9999 xx 000 0 und d aEnglish aRiya Agarwal 0aEffectiveness of Social Media Marketing for Events in 2022 bBizemag MediaaHaryanac2021 a34 aManagement